| 000 | 00535nam a2200169Ia 4500 | ||
|---|---|---|---|
| 003 | Ost | ||
| 005 | 20260507075054.0 | ||
| 008 | 260507s9999||||xx |||||||||||||| ||und|| | ||
| 040 | _cfsecg | ||
| 041 | _aara | ||
| 082 | _a330 | ||
| 100 |
_aمجيد، كمال _eمؤلف |
||
| 245 | 0 |
_aالعولمة و الديمقراطية : _bدراسة لاثر العولمة على العالم و العراق / _c كمال مجيد |
|
| 260 |
_a[دون مكان]: _b[دون ناشر], _c2002 |
||
| 300 | _a293 صفحة؛ | ||
| 942 | _cكتاب | ||
| 999 |
_c42708 _d42708 |
||